Normal view
MARC view
- Vrushali Bhavari - 2k181066 & Dr. Sneha Aarekar - Guide
Entry Personal Name
001 - CONTROL NUMBER
- control field: 105134
003 - CONTROL NUMBER IDENTIFIER
- control field: OSt
005 - DATE AND TIME OF LATEST TRANSACTION
- control field: 20221007221545.0
008 - FIXED-LENGTH DATA ELEMENTS
- fixed length control field: 221007|| aca||aabn | a|a d
040 ## - CATALOGING SOURCE
- Original cataloging agency: OSt
- Transcribing agency: OSt
100 ## - HEADING--PERSONAL NAME
- Personal name: Vrushali Bhavari - 2k181066 & Dr. Sneha Aarekar - Guide
670 ## - SOURCE DATA FOUND
- Source citation: Work cat.: (OSt)80034: Vrushali Bhavari - 2k181066 & Dr. Sneha Aarekar - Guide, Study Of Employee Welfare In Katraj Dairy, 2019